Art d'aujourd'hui.

Saved in:
Bibliografiske detaljer
Format: Avis
Sprog:French
Udgivet: Paris : Art d'aujourd'hui.
Fag:
LEADER 01033cas a2200301 a 4500
001 c000281281
003 CARM
005 20080304141049.0
008 981008u19uu9999fr mr n 0 a0 d
019 1 |a 23500804  |z 52445011  |5 LACONCORD2021 
035 |a (OCoLC)223221084  |5 LACONCORD2021 
040 |a VDU  |b eng  |c VDU 
041 0 |a fre 
043 |a e-fr--- 
082 0 4 |a 709.04  |2 21 
245 0 0 |a Art d'aujourd'hui. 
260 |a Paris :  |b Art d'aujourd'hui. 
300 |a v. :  |b ill. ;  |c 31 cm. 
310 |a Monthly 
500 |a Description based on: Series 3, No. 2, January 1952. 
500 |a Cover title. 
500 |a Text in French. 
650 0 |a Art  |z France  |v Periodicals. 
852 8 |b CARM  |h A1:AQ24D0  |i E01956  |p 0467143  |f SE 
866 0 |a 3:2(1952:01)-5:4/5(1954:06) 
866 0 |a 3:2(1952:01)-5:4/5(1954:06) 
999 f f |i d5929fbe-c359-5b05-bece-7eaad37f6ce7  |s 54621063-866e-55e4-9a9b-3b7c773e08a1 
952 f f |p Can circulate  |a CAVAL  |b CAVAL  |c CAVAL  |d CARM 1 Store  |e E01956  |f A1:AQ24D0  |h Other scheme  |i book  |k 3:2(1952:01)-5:4/5(1954:06)  |m 0467143